[Event "World Rapid 2019"]
[Site "Moscow RUS"]
[Date "2019.12.27"]
[Round "9.34"]
[White "Moiseenko, Vadim"]
[Black "Yu, Yangyi"]
[Result "0-1"]
[WhiteTitle "GM"]
[BlackTitle "GM"]
[WhiteElo "2526"]
[BlackElo "2738"]
[WhiteFideId "4123700"]
[BlackFideId "8603820"]
[EventDate "2019.12.26"]

1. e4 e5 2. Nc3 Nc6 3. a3 Bc5 4. d3 Nge7 5. Na4 Bb6 6. Nxb6 axb6 7. Nf3 O-O 8.
g3 d6 9. Bg2 f5 10. exf5 Bxf5 11. Nh4 Be6 12. O-O Qd7 13. Re1 Bg4 14. f3 Bh3 15.
Bh1 Nf5 16. Nxf5 Qxf5 17. Be3 Qg6 18. Qd2 h5 19. Bf2 Rf6 20. Re4 Raf8 21. Rh4
Be6 22. Qe2 Ne7 23. d4 Nc6 24. f4 Rxf4 25. Rxf4 exf4 26. Re1 Bf5 27. c3 h4 28.
Bd5+ Kh7 29. Kg2 Bg4 30. Qe4 Bf5 31. Qe2 Qg5 32. b4 Qg6 33. b5 Bg4 34. Qe4 fxg3
35. Qxg6+ Kxg6 36. Bg1 gxh2 37. Kxh2 Nd8 38. Re7 c6 39. bxc6 bxc6 40. Bg2 d5 41.
Be3 Kf6 42. Ra7 g5 43. Ra6 Re8 44. Bf2 Re2 45. Kg1 Rb2 46. c4 h3 47. Bh1 Ne6 48.
c5 bxc5 49. Rxc6 h2+ 50. Kg2 Kf5 51. Kg3 Nxd4 52. Rxc5 Ne2+ 53. Kxh2 Nf4 54.
Bxd5 Nd3 55. Rc4 Nxf2 56. Kg3 Bh5 57. a4 Ke5 58. Bg2 Nd3 59. Re4+ Kf6 60. Bf1
Nf4 61. a5 Rb3+ 62. Kf2 Rf3+ 63. Kg1 Ra3 64. a6 Bf3 65. Re8 Ra2 66. Bc4 Rc2 67.
Bb5 g4 68. a7 Ra2 69. Rf8+ Kg5 70. Rf7 Nh3+ 0-1

[Event "World Rapid 2019"]
[Site "Moscow RUS"]
[Date "2019.12.27"]
[Round "9.35"]
[White "Ganguly, Surya Shekhar"]
[Black "Matlakov, Maxim"]
[Result "1-0"]
[WhiteTitle "GM"]
[BlackTitle "GM"]
[WhiteElo "2633"]
[BlackElo "2699"]
[WhiteFideId "5002150"]
[BlackFideId "4168003"]
[EventDate "2019.12.26"]

1. e4 e5 2. Nf3 Nc6 3. d4 exd4 4. Nxd4 Nf6 5. Nxc6 bxc6 6. Nd2 d5 7. exd5 cxd5
8. Bb5+ Bd7 9. Bxd7+ Qxd7 10. O-O Be7 11. b3 a5 12. a4 O-O 13. Bb2 Qf5 14. Re1
Rfe8 15. Nf3 Bb4 16. Nd4 Qd7 17. Rxe8+ Rxe8 18. Qf3 c5 19. Nf5 d4 20. Rf1 h5 21.
h3 Qe6 22. Bc1 g6 23. Ng3 h4 24. Nh1 Qe2 25. Qd3 Nd5 26. f3 Qxd3 27. cxd3 Ne3
28. Rf2 Nf5 29. Bf4 f6 30. Rf1 g5 31. Bc1 Kg7 32. Kf2 Kg6 33. Rd1 Re7 34. g4
hxg3+ 35. Nxg3 Nxg3 36. Kxg3 Re2 37. f4 Rc2 38. fxg5 fxg5 39. Kg4 Rg2+ 40. Kf3
Rh2 41. Kg4 Ra2 42. Rg1 Ra1 43. Kf3 Bd2 44. Bxd2 Rxg1 45. Bxa5 Kf5 46. Bb6 Rc1
47. a5 Ke5 48. a6 Kd5 49. a7 Ra1 50. Kg4 Kc6 51. Bd8 Rxa7 52. Bxg5 Kd5 53. h4
Ke6 54. h5 Rb7 55. h6 Ra7 56. Kh5 Kf5 57. Bd8 Rb7 58. Bh4 Rxb3 59. h7 Rb8 60.
Kh6 Kf4 61. Be7 Kf5 62. Bxc5 Ke5 63. Kg7 Rb7+ 64. Kg8 Kd5 1-0

[Event "World Rapid 2019"]
[Site "Moscow RUS"]
[Date "2019.12.27"]
[Round "9.36"]
[White "Romanov, Evgeny"]
[Black "Wojtaszek, Radoslaw"]
[Result "0-1"]
[WhiteTitle "GM"]
[BlackTitle "GM"]
[WhiteElo "2604"]
[BlackElo "2725"]
[WhiteFideId "4148843"]
[BlackFideId "1118358"]
[EventDate "2019.12.26"]

1. c4 Nf6 2. Nc3 e5 3. d3 Bb4 4. Bd2 Nc6 5. g3 O-O 6. Bg2 h6 7. Nf3 Re8 8. O-O
a5 9. Rc1 d6 10. Nd5 Bc5 11. Bc3 Nxd5 12. cxd5 Nb4 13. Bxb4 axb4 14. Qb3 Bd7 15.
Nd2 f5 16. Qc4 Ra4 17. e3 Qa8 18. d4 exd4 19. exd4 Bb6 20. Qd3 Rxa2 21. Nc4 Qa7
22. Bh3 Bxd4 23. Bxf5 Bxf5 24. Qxf5 Rf8 25. Qe6+ Kh8 26. Qe7 Qb8 27. Qe4 Bf6 28.
Qb1 Qa7 29. Rc2 b3 30. Rd2 b5 31. Ne3 Qa4 32. Ng2 Kg8 33. Re1 Bc3 34. Qg6 Bxd2
35. Nh4 Bxe1 36. Qe6+ Kh7 37. Ng6 Rf6 0-1

[Event "World Rapid 2019"]
[Site "Moscow RUS"]
[Date "2019.12.27"]
[Round "9.37"]
[White "Safarli, Eltaj"]
[Black "Sasikiran, Krishnan"]
[Result "1-0"]
[WhiteTitle "GM"]
[BlackTitle "GM"]
[WhiteElo "2601"]
[BlackElo "2656"]
[WhiteFideId "13402129"]
[BlackFideId "5004985"]
[EventDate "2019.12.26"]

1. e4 e5 2. Nf3 Nc6 3. Bb5 a6 4. Ba4 Nf6 5. Nc3 b5 6. Bb3 Bc5 7. a4 Rb8 8. axb5
axb5 9. d3 h6 10. Nd5 d6 11. c3 Nxd5 12. Bxd5 Ne7 13. Bb3 Be6 14. Bxe6 fxe6 15.
d4 exd4 16. Nxd4 Qc8 17. Qg4 e5 18. Qxc8+ Rxc8 19. Nxb5 c6 20. Na3 O-O 21. Be3
Bxe3 22. fxe3 d5 23. O-O-O Rf6 24. Rhf1 Rg6 25. Rd2 Rg4 26. exd5 Nxd5 27. Nc2
Ra8 28. h3 Rga4 29. Rf3 e4 30. Rg3 Rf8 31. Nd4 Ra1+ 32. Kc2 Re1 33. Re2 Rff1 34.
Rxe1 Rxe1 35. Nxc6 Re2+ 36. Kb3 Nxe3 37. Nd4 Re1 38. Nc2 Nxc2 39. Kxc2 Re2+ 40.
Kb3 Kf7 41. c4 g5 42. Kc3 Ke6 43. b4 Ke5 44. b5 Re1 45. Kd2 Rb1 46. Kc2 Rb4 47.
Rb3 Rxc4+ 48. Kd2 Rc7 49. b6 Rb7 50. Ke3 Kd5 51. g4 1-0

[Event "World Rapid 2019"]
[Site "Moscow RUS"]
[Date "2019.12.27"]
[Round "9.38"]
[White "Vastrukhin, Oleg"]
[Black "Inarkiev, Ernesto"]
[Result "0-1"]
[WhiteTitle "IM"]
[BlackTitle "GM"]
[WhiteElo "2428"]
[BlackElo "2663"]
[WhiteFideId "4192770"]
[BlackFideId "4162722"]
[EventDate "2019.12.26"]

1. Nf3 d5 2. g3 Nf6 3. Bg2 g6 4. O-O Bg7 5. d4 O-O 6. Nbd2 b6 7. a4 a5 8. c4 Bb7
9. b3 Na6 10. Ba3 c5 11. Rc1 Rc8 12. dxc5 Nxc5 13. cxd5 Nxd5 14. Bxc5 Rxc5 15.
Rxc5 bxc5 16. Nc4 Nc3 17. Qxd8 Nxe2+ 18. Kh1 Rxd8 19. Nxa5 Bd5 20. Ng5 e6 21.
Nb7 Bxb7 22. Bxb7 Rb8 23. Ba6 Nd4 24. Bc4 Rb4 25. Rb1 Nc6 26. Rd1 Bd4 27. Nf3
Bxf2 28. Rd7 Na5 29. Ne5 Nxb3 30. Bxb3 Rxb3 31. Rc7 f5 32. Nd7 Bd4 33. Nxc5 Rb1+
34. Kg2 Rb2+ 35. Kh3 g5 36. g4 Be5 37. Rc8+ Kf7 38. gxf5 exf5 0-1

[Event "World Rapid 2019"]
[Site "Moscow RUS"]
[Date "2019.12.27"]
[Round "9.39"]
[White "Turov, Maxim"]
[Black "Kezin, Roman"]
[Result "1/2-1/2"]
[WhiteTitle "GM"]
[BlackTitle "IM"]
[WhiteElo "2574"]
[BlackElo "2470"]
[WhiteFideId "4120086"]
[BlackFideId "24124621"]
[EventDate "2019.12.26"]

1. d4 d5 2. c4 e6 3. Nc3 c6 4. e3 Nf6 5. Nf3 Nbd7 6. Qc2 Bd6 7. b3 O-O 8. Bb2 e5
9. Be2 a6 10. cxd5 cxd5 11. dxe5 Nxe5 12. O-O Be6 13. Nd4 Rc8 14. Rac1 Bb8 15.
Qd2 Qd6 16. f4 Nc6 17. Bf3 Rfe8 18. Na4 Ba7 19. Nxc6 bxc6 20. b4 Qxf4 21. Bd4
Bxd4 22. Qxd4 Qxd4 23. exd4 Rb8 24. a3 a5 25. bxa5 Ra8 26. Rxc6 Rxa5 27. Nc5
Rxa3 28. Re1 Rc3 29. Ra6 Rc4 30. Nxe6 fxe6 31. Raxe6 Rxe6 32. Rxe6 Rxd4 33. Kf2
Rb4 34. Ke3 Kf7 35. Re5 Rb2 36. Kd4 h6 37. h3 Rd2+ 38. Ke3 Rb2 39. Bxd5+ Nxd5+
40. Rxd5 Rxg2 41. Kf3 Ra2 42. h4 Ra4 43. Kg3 Ke6 44. Rb5 Ra6 45. Kg4 g6 46. Rc5
Kf6 47. Rb5 Ra4+ 48. Kg3 Re4 49. Ra5 h5 50. Ra6+ Kf5 51. Rb6 Re3+ 52. Kf2 Rd3
53. Ra6 Rc3 54. Ra5+ Kf4 55. Ra4+ Ke5 56. Ra5+ Ke4 57. Rg5 Rc6 58. Kg3 Rf6 59.
Kg2 Kf4 60. Kf2 Ra6 61. Kg2 Ra2+ 62. Kh3 Ra3+ 63. Kh2 Ra6 64. Kg2 Ke4 65. Kg3
Rf6 66. Kg2 Ke3 67. Re5+ Kf4 68. Rg5 Ke3 69. Re5+ Kd4 70. Rg5 Ke4 71. Kg3 Ra6
72. Kg2 Kf4 73. Kh2 Rf6 74. Kg2 Ke4 75. Kg3 Re6 76. Kg2 Ke3 77. Rg3+ Ke4 78. Rg5
Kf4 79. Kh2 Re2+ 80. Kh3 Re3+ 81. Kh2 Re6 82. Kg2 1/2-1/2

[Event "World Rapid 2019"]
[Site "Moscow RUS"]
[Date "2019.12.27"]
[Round "9.40"]
[White "Bocharov, Dmitry"]
[Black "Utegaliyev, Azamat"]
[Result "1-0"]
[WhiteTitle "GM"]
[WhiteElo "2524"]
[BlackElo "2502"]
[WhiteFideId "4138716"]
[BlackFideId "13702467"]
[EventDate "2019.12.26"]

1. d4 Nf6 2. c4 c6 3. Nf3 d5 4. g3 e6 5. Bg2 Be7 6. O-O O-O 7. Qc2 b6 8. Nbd2
Bb7 9. e4 Na6 10. a3 c5 11. cxd5 exd5 12. e5 Ne4 13. Re1 Rc8 14. Qb1 f6 15. Nxe4
dxe4 16. Rxe4 Bxe4 17. Qxe4 cxd4 18. b4 fxe5 19. Nxe5 Bf6 20. Bf4 Bxe5 21. Bxe5
d3 22. Rd1 d2 23. Qb7 Qg5 24. f4 Qg6 25. Be4 Qg4 26. Bf3 Qg6 27. Qxa6 Rc1 28.
Qb7 Rd8 29. Qe7 Rcc8 30. Kf2 Qf7 31. Qxf7+ Kxf7 32. Be4 a5 33. bxa5 bxa5 34. Ke2
Rc4 35. Bd3 Ra4 36. Bb2 g5 37. Bc2 1-0

[Event "World Rapid 2019"]
[Site "Moscow RUS"]
[Date "2019.12.27"]
[Round "9.41"]
[White "Demchenko, Anton"]
[Black "Bluebaum, Matthias"]
[Result "1/2-1/2"]
[WhiteTitle "GM"]
[BlackTitle "GM"]
[WhiteElo "2642"]
[BlackElo "2644"]
[WhiteFideId "4160258"]
[BlackFideId "24651516"]
[EventDate "2019.12.26"]

1. d4 Nf6 2. Nf3 d5 3. Bf4 c5 4. e3 Nc6 5. Nbd2 cxd4 6. exd4 Qb6 7. Nb3 Bf5 8.
c3 e6 9. a4 a6 10. a5 Qd8 11. Bd3 Bxd3 12. Qxd3 Be7 13. O-O Nd7 14. Rfe1 O-O 15.
h3 b6 16. axb6 Qxb6 17. Nbd2 Qb5 18. Qxb5 axb5 19. b4 Nb6 20. Nb3 Nc4 21. Nfd2
Nxd2 22. Nxd2 g5 23. Be3 Kg7 24. Kf1 Kg6 25. Ke2 Bd6 26. Nb3 h5 27. Kd3 Rfc8 28.
f3 Bg3 29. Reb1 Bd6 30. Bf2 1/2-1/2

[Event "World Rapid 2019"]
[Site "Moscow RUS"]
[Date "2019.12.27"]
[Round "9.42"]
[White "Golubov, Saveliy"]
[Black "Sethuraman, S.P."]
[Result "0-1"]
[WhiteTitle "IM"]
[BlackTitle "GM"]
[WhiteElo "2469"]
[BlackElo "2638"]
[WhiteFideId "24176729"]
[BlackFideId "5021596"]
[EventDate "2019.12.26"]

1. d4 Nf6 2. Nf3 d5 3. c3 e6 4. Bf4 c5 5. e3 Bd6 6. Bg3 Qc7 7. dxc5 Qxc5 8. Nbd2
Nbd7 9. Bd3 Bxg3 10. hxg3 e5 11. e4 dxe4 12. Nxe4 Nxe4 13. Bxe4 Nf6 14. Qe2 h6
15. Nxe5 O-O 16. O-O-O Re8 17. f4 Be6 18. a3 Nxe4 19. Qxe4 f6 20. Rxh6 f5 21.
Rh8+ Kxh8 22. Qf3 g6 23. Qxb7 Qe3+ 24. Rd2 Rad8 25. Nxg6+ Kg8 26. Ne7+ Rxe7 0-1

[Event "World Rapid 2019"]
[Site "Moscow RUS"]
[Date "2019.12.27"]
[Round "9.43"]
[White "Melkumyan, Hrant"]
[Black "Geller, Jakov"]
[Result "0-1"]
[WhiteTitle "GM"]
[BlackTitle "GM"]
[WhiteElo "2668"]
[BlackElo "2521"]
[WhiteFideId "13302485"]
[BlackFideId "4151984"]
[EventDate "2019.12.26"]

1. d4 d5 2. c4 e6 3. Nf3 Nf6 4. g3 Be7 5. Bg2 O-O 6. O-O c6 7. Nc3 Nbd7 8. b3 b6
9. Bb2 Ba6 10. Nd2 b5 11. Re1 bxc4 12. bxc4 dxc4 13. Qa4 Bb5 14. Qc2 Nd5 15. a3
Rb8 16. e4 Nxc3 17. Bxc3 e5 18. Nf3 Qc7 19. Nxe5 Nxe5 20. dxe5 Rfd8 21. Bh3 Bc5
22. e6 Rd3 23. Qc1 Rxg3+ 24. Bg2 Rg6 25. Kh1 fxe6 26. f4 Rf8 27. Rf1 Rg4 28. Bh3
Rgxf4 29. Bxe6+ Kh8 30. Rxf4 Rxf4 31. Qd2 Rf2 32. Qxf2 Bxf2 33. Rd1 c5 34. Rf1
Qf4 0-1

[Event "World Rapid 2019"]
[Site "Moscow RUS"]
[Date "2019.12.27"]
[Round "9.44"]
[White "Sarana, Alexey"]
[Black "Tregubov, Pavel V."]
[Result "0-1"]
[WhiteTitle "GM"]
[BlackTitle "GM"]
[WhiteElo "2663"]
[BlackElo "2588"]
[WhiteFideId "24133795"]
[BlackFideId "4115341"]
[EventDate "2019.12.26"]

1. d4 Nf6 2. Nf3 e6 3. c4 Bb4+ 4. Bd2 Qe7 5. g3 Bxd2+ 6. Qxd2 Nc6 7. b3 Ne4 8.
Qc2 f5 9. Bg2 d6 10. O-O O-O 11. e3 e5 12. dxe5 dxe5 13. Nc3 Nxc3 14. Qxc3 e4
15. Nd4 Ne5 16. c5 c6 17. b4 Bd7 18. a4 a5 19. Rfb1 Nd3 20. bxa5 Qxc5 21. Qb3+
Kh8 22. Qxb7 Ra7 23. Qb3 Qxa5 24. Qb8 Kg8 25. Qd6 Qe5 26. Qxe5 Nxe5 27. Bf1 Rfa8
28. Nb3 Rxa4 29. Rxa4 Rxa4 30. Nc5 Ra7 31. Be2 Kf7 32. h4 Ke7 33. Rb2 Kd6 34.
Rc2 Bc8 35. Kg2 Ra5 36. Nb3 Ra3 37. Nd4 Bd7 38. Rd2 Ke7 39. Rc2 Nd3 40. Nxc6+
Kd6 41. Nd4 Ne1+ 42. Kf1 Nxc2 43. Nxc2 Rc3 44. Nd4 Rc1+ 45. Kg2 Ke5 46. Nb3 Rc3
47. Nd4 Be6 48. Bd1 Bc4 49. Ba4 g6 50. Nc6+ Kf6 51. Nd4 Rc1 52. Bd7 Bf1+ 53. Kh2
Rd1 54. Bc8 Rd2 55. Kg1 Bh3 56. Kh2 Bg4 57. Kg2 f4 58. Bxg4 fxe3 59. Kf1 Rxd4
60. fxe3 Rd2 61. Bc8 Rb2 62. Bd7 Ke5 63. Bc6 Rd2 64. Bb7 Rc2 65. Ba6 Kf5 66. Bb7
Rc7 67. Bd5 Kg4 68. Bxe4 Kxg3 69. h5 gxh5 0-1

[Event "World Rapid 2019"]
[Site "Moscow RUS"]
[Date "2019.12.27"]
[Round "9.45"]
[White "Sakaev, Konstantin"]
[Black "Ivanisevic, Ivan"]
[Result "0-1"]
[WhiteTitle "GM"]
[BlackTitle "GM"]
[WhiteElo "2596"]
[BlackElo "2593"]
[WhiteFideId "4104226"]
[BlackFideId "912417"]
[EventDate "2019.12.26"]

1. d4 Nf6 2. c4 e6 3. Nf3 c5 4. d5 d6 5. Nc3 exd5 6. cxd5 g6 7. h3 Bg7 8. e4 O-O
9. Bd3 Re8 10. O-O Nbd7 11. Re1 Ne5 12. Nxe5 Rxe5 13. Bf4 Nh5 14. Be3 Qh4 15.
Qd2 g5 16. Bf1 Nf4 17. Nb5 Qh6 18. h4 Qxh4 19. Nxd6 g4 20. g3 Nh3+ 21. Kg2 Qf6
22. Nf5 Bxf5 23. exf5 Qxf5 24. Kh2 Rxd5 25. Qe2 Re8 26. Rad1 Bd4 27. Qd2 Qh5 28.
Kg2 Bxe3 29. Qxd5 Nf4+ 30. gxf4 Qh3+ 31. Kg1 Qg3+ 32. Kh1 Qh4+ 0-1

[Event "World Rapid 2019"]
[Site "Moscow RUS"]
[Date "2019.12.27"]
[Round "9.47"]
[White "Popov, Ivan RUS"]
[Black "Sadhwani, Raunak"]
[Result "1/2-1/2"]
[WhiteTitle "GM"]
[BlackTitle "IM"]
[WhiteElo "2636"]
[BlackElo "2507"]
[WhiteFideId "4170350"]
[BlackFideId "35093487"]
[EventDate "2019.12.26"]

1. e4 e5 2. Nf3 Nc6 3. Bc4 Nf6 4. d3 h6 5. c3 d6 6. Nbd2 g6 7. Nf1 Bg7 8. Ng3
O-O 9. O-O Na5 10. Bb5 a6 11. Ba4 b5 12. Bc2 c5 13. d4 exd4 14. cxd4 Bg4 15. d5
Nh5 16. Nxh5 Bxh5 17. h3 f5 18. exf5 gxf5 19. Rb1 Nc4 20. Qd3 Ne5 21. Nxe5 dxe5
22. Be3 Qd6 23. f3 c4 24. Qd2 Rad8 25. Rbd1 Kh7 26. Qf2 Rc8 27. Kh1 Bg6 28. b3
Rfd8 29. bxc4 Rxc4 30. Bb3 Rc3 31. Bd2 Rcc8 32. Ba5 Re8 33. Rc1 e4 34. Rxc8 Rxc8
35. fxe4 fxe4 36. Qa7 Rf8 37. Rxf8 Qxf8 38. Bc3 Kh8 39. Bxg7+ Qxg7 40. Qe3 Qa1+
41. Kh2 Qe5+ 42. Qg3 Qxg3+ 43. Kxg3 Kg7 44. Kf4 Kf6 45. d6 a5 46. a3 Bf5 47. Bd5
a4 48. g4 Be6 49. Bxe4 b4 50. axb4 a3 51. Bb1 a2 52. Bxa2 Bxa2 53. b5 Ke6 54. b6
Kxd6 55. Kf5 Bb1+ 56. Kf6 Be4 57. Kg7 Bg2 58. h4 Bf3 1/2-1/2

[Event "World Rapid 2019"]
[Site "Moscow RUS"]
[Date "2019.12.27"]
[Round "9.48"]
[White "Alekseev, Evgeny"]
[Black "Ismagambetov, Anuar"]
[Result "0-1"]
[WhiteTitle "GM"]
[BlackTitle "GM"]
[WhiteElo "2620"]
[BlackElo "2528"]
[WhiteFideId "4138147"]
[BlackFideId "13701525"]
[EventDate "2019.12.26"]

1. e4 c5 2. Nf3 Nc6 3. d4 cxd4 4. Nxd4 Nf6 5. Nc3 e5 6. Ndb5 d6 7. Bg5 a6 8. Na3
b5 9. Nd5 Be7 10. Bxf6 Bxf6 11. c4 b4 12. Nc2 O-O 13. g3 Bg5 14. h4 Bh6 15. Bh3
Be6 16. Kf1 a5 17. Kg2 Nb8 18. Qd3 Nd7 19. Rad1 Kh8 20. Qe2 Nc5 21. Ne1 b3 22.
a3 Rb8 23. Nf3 Qd7 24. Ng5 Bxh3+ 25. Nxh3 f5 26. exf5 Qxf5 27. Rhe1 Qc2 28. Ng5
Bxg5 29. hxg5 Ne6 30. Ne3 Qe4+ 31. f3 Qg6 32. Rxd6 Nf4+ 33. gxf4 Qxd6 34. f5 Qe7
35. g6 Qg5+ 36. Kf2 h6 37. c5 Qh4+ 38. Kg2 Rbc8 0-1

[Event "World Rapid 2019"]
[Site "Moscow RUS"]
[Date "2019.12.27"]
[Round "9.49"]
[White "Petrosian, Tigran L."]
[Black "Piorun, Kacper"]
[Result "1/2-1/2"]
[WhiteTitle "GM"]
[BlackTitle "GM"]
[WhiteElo "2601"]
[BlackElo "2611"]
[WhiteFideId "13301616"]
[BlackFideId "1130420"]
[EventDate "2019.12.26"]

1. Nf3 d5 2. g3 Nf6 3. Bg2 g6 4. c4 c6 5. cxd5 cxd5 6. d4 Bg7 7. Nc3 O-O 8. Ne5
Bf5 9. O-O Ne4 10. Nxe4 Bxe4 11. Bxe4 dxe4 12. Be3 Qd5 13. Qc2 Bxe5 14. dxe5 Nc6
15. Rfd1 Qxe5 16. Rd7 Rac8 17. Qb3 b6 18. Rad1 Qh5 19. Qd5 Qxe2 20. Qxe4 Qxb2
21. Bh6 Rfe8 22. a4 Qf6 23. h4 Qe6 24. Qf4 Ne5 25. Rxa7 Ng4 26. Rad7 Nxh6 27.
Qxh6 Ra8 28. R7d4 Qc6 29. Rc1 Qf6 30. Rdc4 Red8 31. h5 g5 32. Qxf6 exf6 33. h6
f5 34. Rc6 Rxa4 35. Rxb6 Ra5 36. Rf6 Re5 37. Rc7 Rf8 38. Kg2 Re6 39. Rc6 Rxc6
40. Rxc6 f6 41. Rc7 Rf7 42. Rc8+ Rf8 43. Rc7 Rf7 1/2-1/2

[Event "World Rapid 2019"]
[Site "Moscow RUS"]
[Date "2019.12.27"]
[Round "9.50"]
[White "Socko, Bartosz"]
[Black "Narayanan, Srinath"]
[Result "1-0"]
[WhiteTitle "GM"]
[BlackTitle "GM"]
[WhiteElo "2618"]
[BlackElo "2529"]
[WhiteFideId "1107038"]
[BlackFideId "5018420"]
[EventDate "2019.12.26"]

1. d4 Nf6 2. c4 e6 3. Nf3 d5 4. g3 dxc4 5. Bg2 c5 6. O-O Nc6 7. Ne5 Bd7 8. Nxc4
cxd4 9. Bf4 Nh5 10. Nd6+ Ke7 11. Nxb7 Qb6 12. Bd6+ Ke8 13. Qb3 Qxb3 14. axb3
Bxd6 15. Nxd6+ Ke7 16. Nb5 e5 17. Nd2 a6 18. Nc7 Ra7 19. Nd5+ Ke6 20. Rfc1 Rb8
21. g4 Rb5 22. gxh5 Rxd5 23. Bxd5+ Kxd5 24. e4+ Ke6 25. Rc5 Nb4 26. Nc4 Nd3 27.
Rca5 Bc8 28. Rd1 Nf4 29. Rc5 Bd7 30. Nxe5 Bb5 31. Nf3 Nh3+ 32. Kg2 Nf4+ 33. Kg3
Ne2+ 34. Kh4 d3 35. Re5+ Kd7 36. Rd5+ Ke8 37. Ne5 Nf4 38. Rc5 Rb7 39. Kg4 Ne6
40. Rc3 Nd4 41. Nxd3 Re7 42. Re1 f5+ 43. exf5 Ne2 44. Nf4 Re4 45. Re3 1-0

[Event "World Rapid 2019"]
[Site "Moscow RUS"]
[Date "2019.12.27"]
[Round "9.51"]
[White "Triapishko, Alexandr"]
[Black "Adly, Ahmed"]
[Result "1/2-1/2"]
[WhiteTitle "IM"]
[BlackTitle "GM"]
[WhiteElo "2502"]
[BlackElo "2607"]
[WhiteFideId "14122286"]
[BlackFideId "10601619"]
[EventDate "2019.12.26"]

1. Nf3 Nf6 2. g3 d5 3. Bg2 g6 4. O-O Bg7 5. d4 O-O 6. c3 a5 7. Bf4 Na6 8. a4 c5
9. Na3 cxd4 10. cxd4 Qb6 11. Ne5 Bf5 12. Nb5 Rac8 13. Nd3 Ne4 14. Ra3 Bxd4 15.
Rb3 Bf6 16. Nd6 Qc6 17. Nxc8 Rxc8 18. Rb5 Nc7 19. Rxa5 b6 20. Ra7 Qc4 21. Bxc7
Rxc7 22. Rxc7 Qxc7 23. Qc1 Qd7 24. Nb4 e6 25. Qc6 Qa7 26. Nd3 Nd2 27. Rd1 Nb3
28. e3 Bxd3 29. Rxd3 Nc5 30. Rxd5 exd5 31. Qxf6 Qxa4 32. Qd8+ Kg7 33. Qxb6 Qd1+
34. Bf1 Nb3 35. Qb5 Nd2 36. Qe2 Nf3+ 37. Kh1 Qb1 38. Kg2 Ne5 39. f4 Qe4+ 40. Kf2
Nc4 41. Bg2 Qb1 42. Bxd5 Nxb2 43. Kg2 Qc1 44. Bb3 Qc3 45. Qc2 Qxc2+ 46. Bxc2 Nc4
47. Kf3 f5 48. Bd3 Nb6 49. g4 Kf6 50. h4 h6 51. h5 fxg4+ 52. Kxg4 g5 53. fxg5+
hxg5 54. h6 Nd7 55. Be4 Ne5+ 56. Kg3 Nc4 57. Kf2 Nd6 58. Bb1 Nf7 59. h7 Kg7 60.
Kf3 Ne5+ 61. Kg3 Nc4 1/2-1/2

[Event "World Rapid 2019"]
[Site "Moscow RUS"]
[Date "2019.12.27"]
[Round "9.52"]
[White "Guliyev, Namig"]
[Black "Rychagov, Andrey"]
[Result "1/2-1/2"]
[WhiteTitle "GM"]
[BlackTitle "GM"]
[WhiteElo "2548"]
[BlackElo "2545"]
[WhiteFideId "13400363"]
[BlackFideId "4119932"]
[EventDate "2019.12.26"]

1. e4 e6 2. d4 d5 3. Nc3 Nf6 4. e5 Nfd7 5. f4 c5 6. Nf3 Nc6 7. Be3 cxd4 8. Nxd4
Bc5 9. Qd2 O-O 10. Be2 Qe7 11. O-O a6 12. Nb3 Bxe3+ 13. Qxe3 b5 14. Bd3 b4 15.
Ne2 a5 16. Ned4 Nxd4 17. Nxd4 Ba6 18. Rae1 Bxd3 19. cxd3 g6 20. Rc1 Rfc8 21. Nc6
Qe8 22. Rf2 Kg7 23. Rfc2 Rc7 24. Qf2 Rac8 25. Nxa5 Rxc2 26. Rxc2 Rxc2 27. Qxc2
Qa8 28. Qc7 Qa6 29. h3 Qxd3 30. Qxd7 Qe3+ 31. Kh1 Qc1+ 32. Kh2 Qxf4+ 33. Kh1
Qf1+ 34. Kh2 Qf4+ 35. Kh1 1/2-1/2

[Event "World Rapid 2019"]
[Site "Moscow RUS"]
[Date "2019.12.27"]
[Round "9.53"]
[White "Can, Emre"]
[Black "Fridman, Daniel"]
[Result "1/2-1/2"]
[WhiteTitle "GM"]
[BlackTitle "GM"]
[WhiteElo "2600"]
[BlackElo "2616"]
[WhiteFideId "6302181"]
[BlackFideId "11600454"]
[EventDate "2019.12.26"]

1. e4 e5 2. Bc4 Nf6 3. d3 c6 4. Nf3 d5 5. Bb3 a5 6. a4 Bb4+ 7. Bd2 dxe4 8. Nxe5
O-O 9. Bxb4 axb4 10. O-O Qd4 11. Nxf7 Rxf7 12. dxe4 Qb6 13. Nd2 Qc7 14. Qe2 Na6
15. Qc4 Kf8 16. Qxf7+ Qxf7 17. Bxf7 Kxf7 18. f3 Be6 19. Rfd1 c5 20. Nf1 c4 21.
Ne3 Nc5 22. a5 b3 23. Ra3 bxc2 24. Rc1 Ne8 25. Rxc2 Nd6 26. Ra1 b5 27. b4 Nd3
28. Rb1 Nb7 29. Nd1 Nd8 30. Nf2 Nxf2 31. Kxf2 Nc6 32. Ke3 Ne5 33. Kd4 Nd3 34.
Kc3 Kf6 35. h4 Ke5 36. g3 Rf8 37. Rf1 Bh3 38. f4+ Kxe4 39. Re2+ Kd5 40. Ra1 Rf7
41. Re8 Ra7 42. Ra2 Bg4 43. Rb8 Bd7 44. Re2 Kd6 45. Re4 Nc1 46. Kb2 Nd3+ 47. Kc3
Nc1 48. Kb2 Nd3+ 49. Kc3 1/2-1/2

[Event "World Rapid 2019"]
[Site "Moscow RUS"]
[Date "2019.12.27"]
[Round "9.54"]
[White "Faizrakhmanov, Ramil"]
[Black "Grigoriants, Sergey"]
[Result "1-0"]
[WhiteTitle "IM"]
[BlackTitle "GM"]
[WhiteElo "2434"]
[BlackElo "2542"]
[WhiteFideId "24103209"]
[BlackFideId "4130804"]
[EventDate "2019.12.26"]

1. d4 Nf6 2. c4 g6 3. Nc3 d5 4. cxd5 Nxd5 5. Bd2 Bg7 6. e4 Nxc3 7. Bxc3 O-O 8.
Qd2 c5 9. d5 e6 10. Bc4 Bxc3 11. bxc3 exd5 12. Bxd5 Nc6 13. Nf3 Qf6 14. O-O Bg4
15. Ne1 Rad8 16. Nc2 Be6 17. c4 b6 18. f4 Na5 19. Qe2 Rfe8 20. e5 Qe7 21. Ne3 f6
22. Rad1 fxe5 23. fxe5 Rf8 24. Bxe6+ Qxe6 25. Rxd8 Rxd8 26. Nd5 Nc6 27. Qe4 Kg7
28. Nf4 Qd7 29. Qd5 Qxd5 30. cxd5 Nd4 31. d6 Kf7 32. Re1 Ne6 33. Nd5 Nd4 34. Nc7 1-0

[Event "World Rapid 2019"]
[Site "Moscow RUS"]
[Date "2019.12.27"]
[Round "9.55"]
[White "Vokhidov, Shamsiddin"]
[Black "Khanin, Semen"]
[Result "0-1"]
[WhiteTitle "IM"]
[BlackTitle "IM"]
[WhiteElo "2526"]
[BlackElo "2500"]
[WhiteFideId "14204223"]
[BlackFideId "4111990"]
[EventDate "2019.12.26"]

1. e4 e5 2. Nf3 Nc6 3. Bb5 a6 4. Ba4 Nf6 5. O-O Nxe4 6. d4 Be7 7. Qe2 b5 8. Bb3
d5 9. dxe5 Be6 10. Rd1 Nc5 11. c4 Nxb3 12. axb3 b4 13. cxd5 Bxd5 14. Rxa6 Rxa6
15. Qxa6 O-O 16. Qb5 Bc4 17. Rxd8 Bxb5 18. Rxf8+ Kxf8 19. Be3 Bd3 20. Nbd2 Bc2
21. Nd4 Nxd4 22. Bxd4 Ke8 23. f4 Kd7 24. Kf2 Ke6 25. Ke2 Kd5 26. Bf2 g5 27. fxg5
Bxg5 28. Nf3 Bc1 29. Nd4 Be4 30. Nb5 c6 31. Nd6 Bc2 32. Be1 c5 33. Bd2 Bxb2 34.
Nc4 Bd4 35. Ne3+ Bxe3 36. Bxe3 Bxb3 37. g3 c4 38. Bb6 c3 39. Ba5 Kc4 40. h4 Bc2 0-1